ESPN NBA Top 100 (2025-26) - Statistics

General Stats
  • This quiz has been taken 184 times
  • The average score is 74 of 100
Answer Stats
Rank Team Answer % Correct
1 Nuggets Nikola Jokic
100%
4 Bucks Giannis Antetokounmpo
99%
8 Lakers LeBron James
99%
2 Thunder Shai Gilgeous-Alexander
99%
5 Spurs Victor Wembanyama
99%
6 Timberwolves Anthony Edwards
98%
12 Pistons Cade Cunningham
98%
3 Lakers Luka Doncic
98%
7 Warriors Stephen Curry
98%
14 Mavericks Anthony Davis
97%
15 Cavaliers Donovan Mitchell
97%
10 Knicks Jalen Brunson
97%
11 Thunder Jalen Williams
97%
21 Heat Bam Adebayo
96%
16 Suns Devin Booker
96%
9 Rockets Kevin Durant
96%
17 Magic Paolo Banchero
96%
19 Celtics Jaylen Brown
95%
20 Clippers Kawhi Leonard
94%
24 Thunder Chet Holmgren
93%
23 Clippers James Harden
93%
18 Warriors Jimmy Butler III
93%
27 Knicks Karl-Anthony Towns
93%
13 Cavaliers Evan Mobley
92%
22 Pacers Pascal Siakam
91%
51 Warriors Draymond Green
90%
33 Grizzlies Ja Morant
90%
25 Rockets Alperen Sengun
89%
37 Rockets Amen Thompson
89%
26 Celtics Derrick White
89%
47 76ers Joel Embiid
89%
29 Hawks Trae Young
89%
71 Bulls Coby White
88%
31 Grizzlies Jaren Jackson Jr.
88%
28 76ers Tyrese Maxey
87%
35 Spurs De’Aaron Fox
86%
46 Nuggets Jamal Murray
86%
54 76ers Paul George
86%
34 Kings Damontas Sabonis
85%
38 Cavaliers Darius Garland
85%
32 Magic Franz Wagner
85%
30 Raptors Scottie Barnes
85%
69 Knicks Josh Hart
84%
40 Nuggets Aaron Gordon
83%
68 Heat Tyler Herro
82%
45 Cavaliers Jarrett Allen
81%
42 Timberwolves Julius Randle
80%
63 Hornets Lamelo Ball
80%
49 Timberwolves Rudy Gobert
80%
61 Pelicans Zion Williamson
80%
60 Lakers Austin Reaves
79%
52 Mavericks Cooper Flagg
79%
36 Clippers Ivica Zubac
79%
48 Knicks Mikal Bridges
78%
41 Knicks OG Anunoby
77%
57 Bucks Myles Turner
76%
77 Raptors Brandon Ingram
75%
39 Magic Desmond Bane
74%
44 Hawks Jalen Johnson
74%
67 Nuggets Cameron Johnson
73%
56 Thunder Isaiah Hartenstein
73%
80 Kings DeMar DeRozan
71%
50 Hawks Kristaps Porzingis
71%
70 Nets Michael Porter Jr.
70%
64 Thunder Lugentz Dort
68%
53 Thunder Alex Caruso
67%
55 Hawks Dyson Daniels
67%
72 Kings Zach Lavine
67%
59 Magic Jalen Suggs
64%
81 Pacers Andrew Nembhard
63%
62 Nuggets Christian Braun
63%
99 Spurs Stephon Castle
59%
43 Jazz Lauri Markannen
58%
66 Trailblazers Deni Avdija
57%
75 Timberwolves Jaden McDaniels
55%
90 Timberwolves Naz Reid
55%
65 Pacers Aaron Nesmith
54%
73 Mavericks Dereck Lively II
54%
91 Trailblazers Jrue Holiday
54%
92 Knicks Mitchell Robinson
54%
97 Celtics Payton Pritchard
54%
76 Hornets Brandon MIller
53%
98 Jazz Walker Kessler
52%
89 Heat Andrew Wiggins
50%
74 Rockets Jabari Smith Jr.
50%
82 Heat Norman Powell
50%
83 Warriors Jonathan Kuminga
48%
100 Raptors RJ Barrett
47%
96 Hawks Nickeil Alexander-Walker
46%
84 Pistons Tobias Harris
46%
58 Pelicans Trey Murphy III
44%
94 Spurs Devin Vassell
43%
85 Pistons Jaden Ivey
42%
95 Mavericks P.J. Washington
42%
79 Hawks Onyeka Okongwu
40%
93 Raptors Jakob Poeltl
39%
86 Clippers Bradley Beal
38%
87 Nuggets Jonas Valanciunas
32%
88 Grizzlies Zach Edey
32%
78 Trailblazers Toumani Camara
29%
No matching quizzes found
Score Distribution
Percent of People with Each Score
Percentile by Number Answered
Your Score History
You have not taken this quiz